书目信息 |
| 题名: |
人口问题
|
|
| 作者: | 卡尔-桑德斯 著 ;宁嘉风 译 | |
| 分册: | ||
| 出版信息: | 北京 商务印书馆 1983 |
|
| 页数: | 505页 | |
| 开本: | 20cm | |
| 丛书名: | ||
| 单 册: | ||
| 中图分类: | C92 | |
| 科图分类: | ||
| 主题词: | 人口学 | |
| 电子资源: | ||
| ISBN: | ||
| 000 | 00720nam0 2200241 45 | |
| 001 | 0183007978 | |
| 005 | 20060406112737.15 | |
| 010 | @dCNY2.05 | |
| 091 | @a3017.346 | |
| 100 | @a19960215d1983 em y0chiy0121 ea | |
| 101 | 1 | @achi@ceng |
| 102 | @aCN@b110000 | |
| 105 | @ay z 000yy | |
| 200 | 10 | @a人口问题@Aren kou wen ti@e人类进化研究@f(英)亚·莫·卡尔-桑德斯著@F(ying)ya·mo·ka er-sang de si zhu@g宁嘉风译 |
| 210 | @a北京@c商务印书馆@d1983 | |
| 215 | @a505页@d20cm | |
| 517 | 1 | @e人类进化研究@Eren lei jin hua yan jiu |
| 606 | @a人口学 | |
| 690 | @aC92@v3 | |
| 701 | 0 | @a卡尔-桑德斯@Aka er-sang de si@4著 |
| 702 | 0 | @a宁嘉风@Aning jia feng@4译 |
| 801 | 0 | @aCN@bNLC@c20060406 |
| 905 | @f1@b95730@dC92@e16 | |
| 人口问题:人类进化研究/(英)亚·莫·卡尔-桑德斯著/宁嘉风译.-北京:商务印书馆,1983 |
| 505页;20cm |
| ISBN :CNY2.05 |
| ● |
| 相关链接 |
|
|
|
|
正题名:人口问题
索取号:C92/16
 
预约/预借
| 序号 | 登录号 | 条形码 | 馆藏地/架位号 | 状态 | 备注 |
| 1 | 0095730 | 001030529 | 第一样本阅览室/ [索取号:C92/16] | 在馆 | |
| 2 | 0095731 | 202209564 | 密集书库/ [索取号:C92/16] | 在馆 |